000
00298nam a22001337a 4500
999
_c
533902
_d
533902
020
_a
9693527127
040
_c
MSOHAIL
082
_a
891.4391
_b
AMJ
100
_a
Amjad Islam Amjad
_9
9447
245
_a
Sahar Asaar
260
_a
Lahore
_b
Jahangir Box
_c
c2010
300
_a
141;pxv
942
_2
ddc
_c
BK